Synergie ve venkovském prostoru : paradoxy rozvoje venkova : kritické zhodnocení bariér, nástrojů a šancí rozvoje venkova /

Další autoři: Binek, Jan, 1981-
Jazyk: Čeština
Vydáno: Brno : GaREP, 2011
Vydání: Vyd. 1.
Témata:
Fyzický popis: 63 s. : il., mapy ; 21 cm
Knihy
Uloženo v:
LEADER 01667nam a2200445 a 4500
001 nkc20112192518
003 CZ PrNK
005 20110629071238.0
007 ta
008 110523s2011 xr ab f 000 0 cze
015 |a cnb002192518 
020 |a 978-80-904308-6-0  |q (brož.) 
035 |a (OCoLC)741404044 
040 |a OLA001  |b cze 
072 7 |a 332  |x Regionální ekonomie, regionální ekonomika  |2 Konspekt  |9 4 
080 |a 711.3  |2 MRF 
080 |a 332.055.2  |2 MRF 
080 |a 332.14  |2 MRF 
080 |a (048.8:082)  |2 MRF 
245 0 0 |a Synergie ve venkovském prostoru :  |b paradoxy rozvoje venkova : kritické zhodnocení bariér, nástrojů a šancí rozvoje venkova /  |c Jan Binek ... [et al.] 
246 3 0 |a Paradoxy rozvoje venkova 
250 |a Vyd. 1. 
260 |a Brno :  |b GaREP,  |c 2011 
300 |a 63 s. :  |b il., mapy ;  |c 21 cm 
504 |a Obsahuje bibliografii a bibliografické odkazy 
650 0 7 |a rozvoj venkova  |7 ph136666  |2 czenas 
650 0 7 |a regionální rozvoj  |7 ph125083  |2 czenas 
650 0 7 |a regionální politika  |7 ph125081  |2 czenas 
650 0 9 |a rural development  |2 eczenas 
650 0 9 |a regional development  |2 eczenas 
650 0 9 |a regional policy  |2 eczenas 
655 7 |a kolektivní monografie  |7 fd501537  |2 czenas 
655 9 |a collective monographs  |2 eczenas 
700 1 |a Binek, Jan,  |d 1981-  |7 mzk2007382099  |4 aut 
910 2 |a BOA001  |b 2-1269.254 
990 |a BK 
995 |a 01 
991 |b 201106  |c NOV  |e n 
996 6 |b 2610480865  |c 2-1269.254  |l MZK  |r Sklad / do 1 hodiny  |n 29  |p p.v.  |w 001185845  |u 000010  |a 1  |e BOA001  |j MZK50  |s P 
996 7 |b 2610480870  |c 2-1269.254  |l MZK  |r Sklad / do 1 hodiny  |n 26  |p p.v.  |w 001185845  |u 000020  |a 1  |e BOA001  |j MZK50  |s A